000
00263nam a2200121Ia 4500
008
190216s9999||||xx |||||||||||||| ||und||
100
_a
Kathleem Jamic
245
4
_a
The Goldenperk
260
_b
Penguin Books
300
_a
180
650
_a
English
942
_c
BK
999
_c
13782
_d
13782